000 00315nam a2200145 4500
008 190524s1986||||xo d
245 1 0 _aEkonomický slovník
260 _bPravda
_aBratislava
_c1986
250 _a1.vydanie
300 _a466s.
020 _c0
041 1 _aslo
044 _axo
_cSK
958 _aAUL
999 _c22459
_d22459